| 000 | 00406nam a2200169Ia 4500 | ||
|---|---|---|---|
| 005 | 20240702023559.0 | ||
| 008 | 240331s9999 xx 000 0 und d | ||
| 020 | _a0140440488 | ||
| 082 |
_a100 _bPLA |
||
| 245 | 0 | _aPlato the republic | |
| 250 | _a2nd (Revised) | ||
| 260 |
_aNew Zealand _bPenguin Books _c1974 |
||
| 300 | _a467, p ., | ||
| 650 | _aPhilosophy | ||
| 650 | _aPolitical affairs | ||
| 942 | _cL | ||
| 999 |
_c695 _d695 |
||